000 00573nam a2200217Ia 4500
003 OSt
005 20220926044309.0
006 a|||||r|||| 00| 0
007 ta
008 220923b |||||||| |||| 00| 0 eng d
037 _cGeneral Book
040 _aRTL
_cRTL
_beng
041 _2eng
_aeng
082 _aX9(J)Og(E), J5
100 _aKilleffer D H
_9348793
245 0 _aTwo ears of corn, two blades of grass.
260 _c1955
650 _aAgricultural Industry
942 _hX9(J)Og(E), J5
_cGB
_2CC
999 _c674456
_d674456